Catálogo
 En Linea

Bibliografía de la literatura hispánica / (Registro nro. 38817)

Detalles MARC
000 -CABECERA
campo de control de longitud fija 00694nam a2200193 a 4500
001 - NÚMERO DE CONTROL
campo de control 000039327
005 - FECHA Y HORA DE LA ÚLTIMA TRANSACCIÓN
campo de control 20201002031610.0
008 - DATOS DE LONGITUD FIJA--INFORMACIÓN GENERAL
campo de control de longitud fija 130621s1983 sp 000 0 spa d
020 ## - NÚMERO INTERNACIONAL ESTÁNDAR DEL LIBRO
Número Internacional Estándar del Libro 8400035747(v.11)
020 ## - NÚMERO INTERNACIONAL ESTÁNDAR DEL LIBRO
Número Internacional Estándar del Libro 8400056973(v.13)
020 ## - NÚMERO INTERNACIONAL ESTÁNDAR DEL LIBRO
Número Internacional Estándar del Libro 840005864x(v. 14)
040 ## - FUENTE DE LA CATALOGACIÓN
Centro catalogador/agencia de origen DO-SdBNP
100 1# - ENTRADA PRINCIPAL--NOMBRE DE PERSONA
Nombre de persona Simón Díaz, José
9 (RLIN) 61804
245 10 - MENCIÓN DE TÍTULO
Título Bibliografía de la literatura hispánica /
Mención de responsabilidad, etc. José Simón Díaz.
260 ## - PUBLICACIÓN, DISTRIBUCIÓN, ETC.
Lugar de publicación, distribución, etc. Madrid :
Nombre del editor, distribuidor, etc. Consejo Superior de Investigaciones Científicas :
-- Instituto de Filosofía "Luis Vives,",
Fecha de publicación, distribución, etc. 1983.
300 ## - DESCRIPCIÓN FÍSICA
Extensión v. 13 :
Otras características físicas facsims ;
Dimensiones 26 cm.
500 ## - NOTA GENERAL
Nota general La biblioteca posee el v. 11-13-14
Institución que aplica el campo 5
710 2# - PUNTO DE ACCESO ADICIONAL--NOMBRE DE ENTIDAD CORPORATIVA
Nombre de entidad corporativa o nombre de jurisdicción como elemento de entrada Bibliografía de la literatura hispánica
9 (RLIN) 65524
Existencias
Estado de retiro Estado de pérdida Restricciones de uso No para préstamo Código de colección Localización permanente Ubicación/localización actual Ubicación en estantería Fecha de adquisición Número de inventario Total de préstamos Signatura topográfica completa Código de barras Fecha visto por última vez Precio válido a partir de Tipo de ítem Koha
        Monografías: Libros y Folletos General General Orden iniciada 21.06.2013 LF1   39327-10 25.06.2020 25.06.2020 No se presta

Con tecnología Koha